000
00329nam a22001337a 4500
008
210426b ||||| |||| 00| 0 eng d
041
_a
eng
080
_a
32
082
_a
32
100
_a
20
101
_a
SHP
245
_a
Constitution of the United States and the Declaration of Independence
_c
Barners,W.R
942
_2
udc
_c
BK
999
_c
56733
_d
56733